Digitalizácia a obchodné modely medzinárodne úspešných firiem bakalárska práca

Enregistré dans:
Détails bibliographiques
Auteur principal: Sekeráková, Ivana
Collectivité auteur: Obchodná fakulta EU. Katedra medzinárodného obchodu
Autres auteurs: Pásztorová, Janka, 1960-
Format: Livre
Langue:slovaque
Publié: Bratislava 2024
Tags: Ajouter un tag
Pas de tags, Soyez le premier à ajouter un tag!

MARC

LEADER 00000nbm a2200000 4500
001 0302344
005 20250804102438.2
041 0 |a slo 
044 |a SK 
245 1 0 |a Digitalizácia a obchodné modely medzinárodne úspešných firiem  |b bakalárska práca  |c Ivana Sekeráková ; školiteľ: Janka Pásztorová 
264 1 |a Bratislava  |c 2024 
300 |a 53 s. 
100 1 |a Sekeráková, Ivana 
700 1 |a Pásztorová, Janka, 1960- 
710 2 |a Obchodná fakulta EU. Katedra medzinárodného obchodu